00333nam a2200145Ia 4500003000400000005001700004008004100021040000700062041001200069082001700081100001800098245002900116260003400145365000800179OSt20250924174723.0210423s9999 xx 000 0 und d cAL aEnglish a303.6 bKOTC aRajni Kothari aCaste in indian politics bOrient LongmanaChennaic2021 cINR